| 000 | 00386 a2200169 4500 | ||
|---|---|---|---|
| 001 | 175340 | ||
| 020 | _a85-262-3708-X | ||
| 040 | _cMagnum | ||
| 100 | _aMoreira, João Carlos | ||
| 240 | 1 | 0 |
_aTrilhas de geografia 8 _lpor |
| 245 | 1 | 0 | _aTrilhas de geografia 8 |
| 300 | _a204 | ||
| 362 | 0 | _a2001 | |
| 440 | 1 | _aScipione | |
| 697 | _aHISTÓRIA - GEOGRAFIA - BIOGRAFIAS | ||
| 942 | _cBK | ||
| 999 |
_c175340 _d175340 |
||